000 01310naa a22002777a 4500
001 BR8302147
003 BR-BrBNA
005 20250721143225.0
007 ta
008 250630b bl.|||m| |||| 00| 0 por d
040 _aBR-BrBNA
_bpor
_cBiblioteca Nacional de Agricultura
041 _a(Pt)
072 _aF27
_b2480
_b2320
090 _aF27 BR8302147
100 1 _aViegas, R.M.F.
111 1 _aSimposio sobre sistemas de Producao em Consorcio para Exploracao Permanente dos Solos da Amazonia
_cBelem, PA (Brazil)
_d19 Nov 1980
245 1 _aConsorciacao seringueira x pimenta-do-reino, resultados dos tres primeiros anos [Hevea brasiliensis, Piper nigrum]
500 _aAnais do Simposio sobre Sistemas de Producao em consorcio para Exploracao Permanente dos Solos da Amazonia Belem, PA (Brasil): 1982. p. 93-104 [6 ref.; Summary (Pt)] (BR8302147-AMS)
773 0 _tAnais do Simposio sobre Sistemas de Producao em consorcio para Exploracao Permanente dos Solos da Amazonia
_wF27 BR8302147
_gBelem, PA (Brasil), 1982. p. 93-104
650 _aSERINGUEIRA
650 _aPIMENTA DO REINO
650 _aCONSORCIACAO DE CULTURA
490 _aDocumentos - Centro de Pesquisa Agropecuaria do Tropico Umido (Brazil)
_vno. 7
_xISSN 0101-2835
942 _cAMS
_2AGRIS
909 _a202506
_bLúcia
_c55
_dLúcia Elande
999 _c334500
_d334500